000
00226 a2200097 4500
001
125471
040
_c
Escola Canadense de Niteroi
100
_a
Cagliari, Luiz Carlos
245
1
0
_a
Alfabetização & Lingüística
942
_c
REF
999
_c
125471
_d
125471